Flags of states formed during the French Revolution - Statistics

General Stats
  • This quiz has been taken 33 times
  • The average score is 10 of 26
Answer Stats
Picture Hint Answer % Correct
1798 Irish Republic aka Republic of Connacht
92%
1795-1806 Batavian Republic (The Hague)
68%
1798-1803 Helvetic Republic (Aarau, then Lucerne)
68%
1805-14 Kingdom of Italy (Milan)
60%
1802-05 Italian Republic (Milan)
56%
1790 United Belgian States (Brussels)
52%
1806-13 [alleged flag] Confederation of the Rhine (Frankfurt)
44%
1807-15 Duchy of Warsaw (Warsaw)
44%
1808-13 Kingdom of Spain (Madrid)
44%
1806-15 (flag 1811-15) Kingdom of Naples (Naples)
40%
1797-1802 Cisalpine Republic (Milan)
36%
1806-10 Kingdom of Holland (The Hague)
36%
1806-15 (flag 1808-11) Kingdom of Naples (Naples)
36%
1798-99 Roman Republic (Rome)
32%
1797-1805 Ligurian Republic (Genoa)
28%
1807-13 Kingdom of Westphalia (Kassel)
24%
1789-91 Republic of Liège (Liège)
24%
1802-10 Rhodanic Republic aka Republic of Valais (French Switzerland, Sion)
24%
1796-97 Cispadane Republic (Modena)
20%
1801-07 Kingdom of Etruria (Florence)
20%
1806-15 (flag 1806-8) Kingdom of Naples (Naples)
20%
1799 Parthenopean Republic (Naples)
20%
1805-14 Principality of Lucca and Piombino (Lucca)
20%
1796-97 Transpadane Republic (Milan)
20%
1797-1802 Cisrhenian Republic (Cologne)
16%
1800-02 Subalpine Republic (Turin)
12%
No matching quizzes found
Score Distribution
Percent of People with Each Score
Percentile by Number Answered
Your Score History
You have not taken this quiz